000
00319nam a2200133Ia 4500
008
230917s9999||||xx |||||||||||||| ||und||
040
_e
62988
_a
MAIN
041
_a
English
082
_a
658.15 K952F
100
_a
Kuchhal, S C
245
0
_a
Financial management
260
_a
Allahabad
_b
Chaitanya
_c
1977
942
_c
BK
999
_c
231732
_d
231732